Foundations of financial management / (Record no. 15908)
[ view plain ]
| 000 -LEADER | |
|---|---|
| fixed length control field | 01040cam a2200313 a 4500 |
| 001 - CONTROL NUMBER | |
| control field | 15908 |
| 003 - CONTROL NUMBER IDENTIFIER | |
| rucl marc code | BD-RjUL |
| 005 - DATE AND TIME OF LATEST TRANSACTION | |
| control field | 20211208235917.0 |
| 008 - FIXED-LENGTH DATA ELEMENTS--GENERAL INFORMATION | |
| fixed length control field | 140211s2002 mau b 001 0 eng d |
| 020 ## - INTERNATIONAL STANDARD BOOK NUMBER | |
| International Standard Book Number | 0072422645 (student ed. : alk. paper) |
| International Standard Book Number | 0072422769 (disc) |
| 035 ## - SYSTEM CONTROL NUMBER | |
| System control number | (BD-RjUL)15963 |
| 040 ## - CATALOGING SOURCE | |
| Original cataloging agency | DLC |
| Transcribing agency | DLC |
| Modifying agency | DLC |
| -- | BD-RjUL |
| Language of cataloging | eng |
| 041 ## - LANGUAGE CODE | |
| Language code of text/sound track or separate title | eng |
| 082 00 - DEWEY DECIMAL CLASSIFICATION NUMBER | |
| Classification number | 658.15 |
| Edition number | 21 |
| Author mark and year | BLF 2002 |
| 100 1# - MAIN ENTRY--PERSONAL NAME | |
| Personal name | Block, Stanley B. |
| 9 (RLIN) | 49311 |
| 245 10 - TITLE STATEMENT | |
| Title | Foundations of financial management / |
| Statement of responsibility, etc. | Stanley B. Block, Geoffrey A. Hirt. |
| 250 ## - EDITION STATEMENT | |
| Edition statement | 10th ed. |
| 260 ## - PUBLICATION, DISTRIBUTION, ETC. (IMPRINT) | |
| Place of publication, distribution, etc. | Boston : |
| Name of publisher, distributor, etc. | McGraw-Hill/Irwin, |
| Date of publication, distribution, etc. | c2002. |
| 300 ## - PHYSICAL DESCRIPTION | |
| Pagination | xxviii, 677 p. : |
| Illustrations | col. ill. ; |
| Size | 26 cm. + |
| 500 ## - GENERAL NOTE | |
| General note | Appendixes A-D (4 p.) inserted. |
| 504 ## - BIBLIOGRAPHY, ETC. NOTE | |
| Bibliography, etc | Includes bibliographical references and indexes. |
| 650 #0 - SUBJECT ADDED ENTRY--TOPICAL TERM | |
| Topical term or geographic name as entry element | Corporations |
| General subdivision | Finance. |
| 9 (RLIN) | 49313 |
| 700 1# - ADDED ENTRY--PERSONAL NAME | |
| Personal name | Hirt, Geoffrey A. |
| 942 ## - ADDED ENTRY ELEMENTS (KOHA) | |
| Source of classification or shelving scheme | Dewey Decimal Classification |
| Koha item type | Books |
| Lost status | Source of classification or shelving scheme | Damaged status | Not for loan | Collection code | Permanent Location | Current Location | Shelving location | Date acquired | Source of acquisition | Cost, normal purchase price | Total Checkouts | Full call number | Date last seen | Date checked out | Copy number | Koha item type |
|---|---|---|---|---|---|---|---|---|---|---|---|---|---|---|---|---|
| Dewey Decimal Classification | Non-fiction | Central Library, University of Rajshahi | Central Library, University of Rajshahi | 23/04/1984 | Toppan and co. | 26.95 | 1 | 658.15 BLF 2002 | 13/04/2023 | 15/03/2023 | C-3 | Books |